Statistics for The Flag of China Timeline Map Quiz

Click here to take the quiz!

General Stats

  • This quiz has been taken 1,366 times
  • The average score is 5 of 7

Answers on the Map

Answers color-coded by a green-red scale on the quiz's map according to % correct below.
 

Answer Stats

Answer% Correct
People's Republic of China
90%
Republic of China
88%
Japanese Occupied Taiwan
87%
Qing Dynasty
79%
Republic of Formosa
70%
Republic of China
65%
Qing Dynasty
59%

Score Distribution

Percentile by Number Answered

Percent of People with Each Score

Your Score History

You have not taken this quiz